000 00492nam a22001457a 4500
005 20180810131855.0
020 _a0195679210
_c595.00
035 _aB-225923, B-225922, B-225925
037 _aDPL
_bENG
100 _aSingh, Pashaura
245 _aLife and work of Guru Arjan :
_bHistory, memory and biography in the Sikh tradition /
_cby Pashaura Singh
260 _aNew Delhi
_bOxford University Press
_c2006
300 _axiv, 317p.
_c22 cms.
942 _2ddc
_cEN
_h260.35
_mPAS
999 _c64761
_d64761